La inevitabilidad del patriarcado

Guardat en:
Dades bibliogràfiques
Autor principal: Goldberg, Steven (Autor)
Format: Llibre
Idioma:espanyol
Publicat: Madrid Alianza 1976
Col·lecció:El Libro de Bolsillo
Matèries:
Etiquetes: Afegir etiqueta
Sense etiquetes, Sigues el primer a etiquetar aquest registre!

MARC

LEADER 00000nam a2200000 a 4500
001 UCP9344
003 CL-VaPUC
008 000324e19760000SP |||||||||||||||||spa|d
082 0 4 |a 305.3  |b GOL  |2 21 
100 0 |a Goldberg, Steven  |e author  |9 439846 
245 1 3 |a La inevitabilidad del patriarcado 
300 |a 271 p 
942 |c BK 
945 |d 20000324 00:00:00  |a crobeson 
260 |a Madrid  |b Alianza  |c 1976 
650 0 |a Patriarcado  |9 399613 
650 0 |a Antropología cultural y social   |9 265143 
650 0 |a Hombres   |9 318163 
650 7 |a MATRIARCADO  |2 CL-VaPUC  |9 439847 
650 0 |a Masculinidad   |9 412527 
583 |a last modification  |c 20000324 00:00:00  |k Rodrigo Vera 
490 0 |a El Libro de Bolsillo 
999 |c 286167  |d 286165 
952 |0 0  |1 0  |4 0  |6 305_300000000000000_GOL_1976  |7 0  |8 A  |9 331651  |a BIBHIS  |b BIBHIS  |d 2019-11-20  |i 1391887  |o 305.3 GOL 1976  |p 1391887  |r 2025-01-20  |w 2019-11-20  |y BK  |k HIS